000 00730nam a2200241Ia 4500
003 OSt
005 20220927105737.0
006 a|||||r|||| 00| 0
007 ta
008 220926b |||||||| |||| 00| 0 eng d
024 _a197440
037 _cReference Collections
040 _aRTL
_cRTL
_beng
041 _2eng
_aeng
082 _a"Y9(L:5240aG), Q3/UN"
100 _aREVILL James
_9374664
245 0 _aPeer-review mechanism for the biological and toxin weapons convention
260 _aNew
_b"York, United Nations, "
_c2013
300 _a"xviii, 96p"
_ccm.
500 _aBibliography chapterwise
942 _h"Y9(L:5240aG), Q3/UN"
_cCC
999 _c694327
_d694327